00786nai a2200193Ia 4500003000900000008004100009022002200050022002300072040001600095245007200111260008600183310001400269362002500283521006900308650004700377650004500424650003300469856009000502IN-BaIIA211028c9999 xx s 000 0 eng d a1545-5955 (Print) a1558-3783 (Online) cIIA Library 0aIEEE Transactions on Automation Science and Engineeringh[eJournal] aNew York, USAbThe Institute of Electrical and Electronics Engineers, Inc. (IEEE) aQuarterly a1(1); 2004 - Present bSubscribed through National Knowledge Resource Consortium (NKRC) a Components, Circuits, Devices and Systems a Power, Energy and Industry Applications aRobotics and Control Systems uhttps://ieeexplore.ieee.org/servlet/opac?punumber=8856yClick Here to Access eJournal